| 000 | 00710 a2200193 4500 | ||
|---|---|---|---|
| 020 | _a0470847018 | ||
| 040 |
_aDLC _bDLC |
||
| 082 | 0 | 0 | _a621.38133 |
| 100 | 1 | _aGiannini, Franco, | |
| 245 | 1 | 0 |
_aNonlinear microwave circuit design _cF. Giannini and G. Leuzzi. |
| 260 |
_aChichester, West Sussex, England ; _aHoboken, NJ : _bWiley, _cc2004. |
||
| 300 |
_ax, 392 p. : _bill. ; _c25 cm. |
||
| 650 | 0 | _aMicrowave circuits. | |
| 650 | 0 | _aElectric circuits, Nonlinear. | |
| 700 | 1 | _aLeuzzi, G. | |
| 856 | 4 | 1 |
_3Table of contents _uhttp://www.loc.gov/catdir/toc/wiley041/2004004941.html |
| 856 | 4 | 1 |
_3Publisher description _uhttp://www.loc.gov/catdir/description/wiley041/2004004941.html |
| 942 |
_cBK _k621.38133 GIA _2ddc |
||
| 999 |
_c8047 _d8047 |
||